SNL Cast Members Season 47 - Statistics

General Stats
  • This quiz has been taken 28 times
  • The average score is 14 of 21
Answer Stats
Year Joined Answer % Correct
2003 Kenan Thompson
95%
2012 Cecily Strong
91%
2014 Colin Jost
91%
2012 Kate McKinnon
91%
2014 Michael Che
91%
2014 Pete Davidson
91%
2012 Aidy Bryant
82%
2016 Mikey Day
82%
2017 Heidi Gardner
73%
2019 Bowen Yang
64%
2018 Ego Nwodim
64%
2013 Kyle Mooney
64%
2016 Alex Moffat
59%
2019 Chloe Fineman
55%
2020 Punkie Johnson
55%
2021 Andrew Dismukes
45%
2017 Chris Redd
45%
2021 James Austin Johnson
45%
2021 Sarah Sherman
45%
2016 Melissa Villaseñor
41%
2021 Aristotle Athari
23%
No matching quizzes found
Score Distribution
Percent of People with Each Score
Percentile by Number Answered
Your Score History
You have not taken this quiz